000 01106 a2200253 4500
005 20260302093448.0
008 260302b |||||||| |||| 00| 0 eng d
020 _a9788126319336 (hbk)
037 _cTB
040 _aCRL
_cCRL
041 _2hin
_ahin
084 _aO152,3N40,DS Q1;R0
_qCRL
100 _aकालिया, ममता
_9860468
245 _aदुक्खम सुक्खम
250 _a8वाँ संस्करण
260 _aनयी दिल्ली, भारत:
_bभारतीय ज्ञानपीठ,
_c2020.
300 _a274पृ.
365 _b270.00
_cINR
490 _aलोकोदय ग्रंथमाला : ग्रंथांक 1112
650 _aहिन्दी कहानी
650 _aहिन्दी साहित्य
942 _cTB
_2CC
_hO152,3N40,DS Q1;R0
_e8वाँ संस्करण
999 _c1466628
_d1466628